The Economic impact of transgenic crops in developing countires: A note on the methods (Record no. 70589)

MARC details
000 -LEADER
fixed length control field 00695nam a2200229Ia 4500
100 ## - MAIN ENTRY--AUTHOR NAME
Personal name Smale Melinda
245 #4 - TITLE STATEMENT
Title The Economic impact of transgenic crops in developing countires: A note on the methods
260 ## - PUBLICATION, DISTRIBUTION, ETC. (IMPRINT)
Name of publisher International Journal of Biotechnology
Year of publication 2008
300 ## - PHYSICAL DESCRIPTION
Number of Pages 519-551
500 ## - GENERAL NOTE
General note Source Year: 2008
650 ## - SUBJECT ADDED ENTRY--TOPICAL TERM
Topical Term Developing economies
650 ## - SUBJECT ADDED ENTRY--TOPICAL TERM
Topical Term Economic impacts
650 ## - SUBJECT ADDED ENTRY--TOPICAL TERM
Topical Term Economics methods
650 ## - SUBJECT ADDED ENTRY--TOPICAL TERM
Topical Term Genetically engineered crops
650 ## - SUBJECT ADDED ENTRY--TOPICAL TERM
Topical Term Technology adoption
700 ## - ADDED ENTRY--PERSONAL NAME
Personal name Falck-Zepeda Jose
700 ## - ADDED ENTRY--PERSONAL NAME
Personal name Gruere Guillaume
700 ## - ADDED ENTRY--PERSONAL NAME
Personal name Matuschke Ira
700 ## - ADDED ENTRY--PERSONAL NAME
Personal name Zambrano Patricia
942 ## - ADDED ENTRY ELEMENTS (KOHA)
Koha item type Journals
Holdings
Withdrawn status Lost status Damaged status Not for loan Home library Current library Shelving location Date acquired Serial Enumeration / chronology Koha item type
      Journals RRII Library RRII Library Economics 25/03/2009 Volume 10, Issue 6 Journals